000 00511nam a22002177a 4500
003 UA-OsUOA
001 56152
007 ta
008 20081002b un ||||| |||| 00| 0 ukr d
100 _aБородюк Н.
090 _a32
_bБ83
942 _cSA
040 _aUA-OsUOA
_bukr
_cUA-OsUOA
_dUA-OsUOA
245 _aВідповідальність не порожні слова
300 _aС.2
955 _a0
041 _aukr
080 _a32
773 0 _w56151
650 7 _a32 Політика
_2UDC
999 _c342213
_d342213